| 000 | 00472nam a2200181Ia 4500 | ||
|---|---|---|---|
| 001 | 15730 | ||
| 005 | 20260306170217.0 | ||
| 008 | 260306t2010||||xx |||||||||||||| ||und|| | ||
| 041 | _aESP | ||
| 082 |
_a601 _bR84 |
||
| 100 |
_aRosales Rodríguez, Amán _eAUT |
||
| 245 | 0 |
_aFilosofía de la tecnología: _bacción humana y contingencia histórica |
|
| 260 | _c2010 | ||
| 300 |
_a271 páginas : _c24 cm. |
||
| 650 | _aGEN | ||
| 654 | _aCCN | ||
| 942 |
_cLIB _dJUS _fJUS _2ddc _n |
||
| 999 |
_c15730 _d15730 |
||